| 000 | 01482nam2a2200313 4500 | ||
|---|---|---|---|
| 001 | RU\NLR\bibl\1669267 | ||
| 005 | 20250616043945.0 | ||
| 010 |
_a978-5-904555-19-1 _bт.7 _9500 |
||
| 021 |
_aRU _b2010-57923 _93792 |
||
| 035 | _a(NLR Aleph) 001660534 | ||
| 090 |
_a978763 _c978763 |
||
| 100 | _a20100901d2010 |||y0rusy50 ca | ||
| 101 | 0 | _arus | |
| 102 | _aRU | ||
| 105 | _aa ||||||||| | ||
| 200 | 1 |
_aГеолого-технологические исследования в скважинах _f[сост.: С.Н. Шматченко] |
|
| 210 |
_d2010 _aБ. м. |
||
| 215 |
_a247 с. _cил., цв. ил. |
||
| 320 | _aБиблиогр.: с. 242-243 (16 назв.) | ||
| 320 | _aПредм. указ.: с. 244-247 | ||
| 461 | 0 |
_1001RU\NLR\bibl\1664342 _12001#$aГеофизические исследования и работы в скважинах$vТ. 7 _9949356 _cУфа _d2010 _fОАО "Башнефтегеофизика" _nИнформреклама _oв 7 т. _tГеофизические исследования и работы в скважинах _y978-5-904555-12-2 _vТ. 7 |
|
| 606 | 1 |
_aНефтяные скважины _xГеолого-технологические исследования _91723023 _3RU\NLR\auth\66769101 |
|
| 702 | 1 |
_aШматченко _bС. Н. _gСветлана Николаевна _4220 |
|
| 801 | 0 |
_aRU _bNLR _c20100901 _gRCR |
|
| 801 | 1 |
_aRU _bNLR _c20100901 |
|
| 830 | _aсост. по кн. | ||
| 942 | _cBOOK | ||
| 980 | _aNB | ||